00932 2200217 4500245006700000020002200067250001100089100001900100700002300119700001800142700001800160700001700178650001800195005001900213260004200232041001400274084001000288300002700298500038000325336000900705 aMarketing 5.0 b : Technology for HumanitycWiley, JohnhText a978-602-06-6343-2 aCet. 4 aKotler, Philip aHermawan Kartajaya aIwan Setiawan aFairano Ilyas aAndi Tarigan aMarketing 5.0 a20240115151506 aJakartabGramedia Pustaka Utamac2024 aIndonesia a658.8 aix, 243 hlm. :c24 cm. a"Buku ini hadir di saat yang tepat dan mempunyai relevansi besar di masa pandemi Covid-19. Karantina wilayah yang berlanjut di banyak negara telah memaksa perusahaan mengeksplorasi aspek digital dari pemasaran. Buku ini sangat cocok dijadikan panduan bagi manajer di bidang pemasaran." (Walter Viera-Former Chairman, International Council of Management Consulting Institutes) atext